Introduction to managerial accounting / (Record no. 601016)
[ view plain ]
| 000 -LEADER | |
|---|---|
| fixed length control field | 00291nam a2200109Ia 4500 |
| 008 - FIXED-LENGTH DATA ELEMENTS--GENERAL INFORMATION | |
| fixed length control field | 230907s9999||||xx |||||||||||||| ||und|| |
| 082 ## - DEWEY DECIMAL CLASSIFICATION NUMBER | |
| Classification number | 658.1511 |
| Author Mark | BRE |
| 100 ## - MAIN ENTRY--PERSONAL NAME | |
| Personal name | Brewer, Peter C. |
| 9 (RLIN) | 112556 |
| 245 #0 - TITLE STATEMENT | |
| Title | Introduction to managerial accounting / |
| 300 ## - PHYSICAL DESCRIPTION | |
| Extent | xxxii, 648 pages : |
| 942 ## - ADDED ENTRY ELEMENTS (KOHA) | |
| Koha item type | Book |
| Withdrawn status | Lost status | Damaged status | Not for loan | Permanent Location | Current Location | Date acquired | Total Checkouts | Full call number | Barcode | Date last seen | Price effective from | Koha item type |
|---|---|---|---|---|---|---|---|---|---|---|---|---|
| US-Pakistan Center for Advanced Studies in Energy (USPCAS-E) | US-Pakistan Center for Advanced Studies in Energy (USPCAS-E) | 11/18/2019 | 658.1511 BRE | CAS-E0005115 | 09/12/2023 | 09/12/2023 | Book |
